Loading...
Fine Arts - Other Fine Arts | 0 | 2 | 0 | 1 | 20 | 94 | 101.00 | 0 | 0 |
Geography | 0 | 1 | 0 | 1 | 10 | 118 | 118.00 | 0 | 0 |
Science - Other Science | 0 | 1 | 0 | 1 | 10 | 113 | 113.00 | 0 | 0 |
History - World History | 0 | 1 | 0 | 1 | 10 | 108 | 108.00 | 0 | 0 |
Literature - British Literature | 0 | 1 | 0 | 0 | 10 | 89 | 89.00 | 0 | 0 |
Literature - European Literature | 0 | 1 | 0 | 0 | 10 | 90 | 90.00 | 0 | 0 |
Mythology | 0 | 1 | 0 | 1 | 10 | 115 | 115.00 | 0 | 0 |
History - European History | 0 | 1 | 1 | 0 | 5 | 70 | 70.00 | 0 | 0 |
Religion | 0 | 0 | 0 | 0 | 0 | 0.00 | 0 | 0 | |
History - American History | 0 | 0 | 1 | 0 | -5 | 0.00 | 0 | 0 | |
Science - Chemistry | 0 | 0 | 1 | 0 | -5 | 0.00 | 0 | 0 |